000 00719nam a2200217Ia 4500
001 16617
003 GE_BSU
008 181216s||||||||xx |||||||||||||| ||und||
040 _cGE_BSU
100 _aლებანიძე, მ. (მურმან, 1922-2002)
245 _aსვანური რვეული
245 _bლექსები
245 _cრედ.ვ.ჯავახაძე. მხ. გ.ოჩიაშვილი
260 _aთბილისი
260 _bსაბჭოთა საქართველო
260 _c1964
300 _a77 გვ. ; 17 სმ
653 _aლექსები
653 _aსვანური რვეული
942 _cBK
999 _c49684
_d49684